L'Estatut de la Transició : l'Estatut de Sau (1978 - 1979) / Jaume Sobrequés i Callicó l'Estatut de Sau (1978 - 1979) / Jaume Sobrequés i Callicó
Descripción Física:
227 p. : fot. ; 26 cm
MARC
| LEADER | 00000nam a2200000Ia 4500 | ||
|---|---|---|---|
| 001 | 22858 | ||
| 003 | AGDB | ||
| 005 | 20260324180110.0 | ||
| 008 | 160829s2010 xx 000 0 cat d | ||
| 040 | |a agdb |b cat | ||
| 080 | |a H-3-112 | ||
| 100 | |a Sobrequés i Callicó, Jaume |9 25445 | ||
| 245 | |a L'Estatut de la Transició : |b l'Estatut de Sau (1978 - 1979) / Jaume Sobrequés i Callicó | ||
| 250 | |a Ed. no venal | ||
| 260 | |a Barcelona : |b Parlament de Catalunya, |c 2010 | ||
| 300 | |a 227 p. : |b fot. ; |c 26 cm | ||
| 590 | |a Bibliografia | ||
| 610 | 1 | 0 | |a Catalunya. |t Estatut d'autonomia (1979) |9 8277 |
| 650 | 0 | |a Polítics |z Catalunya |v Biografia |9 33087 | |
| 651 | 0 | |a Catalunya |x Política i govern |y 1975-1980, Transició |9 53734 | |
| 710 | 1 | |a Catalunya. |b Parlament |9 11492 | |
| 856 | 4 | 0 | |u https://www.parlament.cat/document/nom/EstatutTransicio.pdf |y Accés lliure (Portal del Parlament de Catalunya) |
| 901 | |a Arxiu | ||
| 942 | |n 1 |2 udc |c ARXIU | ||
| 952 | |0 0 |1 0 |4 0 |6 H3112 |7 1 |9 53122 |a Arxiu |b Arxiu |d 2016-12-01 |l 0 |o H-3-112 |p 22858 |r 2016-12-01 00:00:00 |w 2016-12-01 |y ARXIU | ||
| 999 | |c 56971 |d 56971 | ||